<?xml version="1.0" encoding="UTF-8"?>
<record
    xmlns:xsi="http://www.w3.org/2001/XMLSchema-instance"
    xsi:schemaLocation="http://www.loc.gov/MARC21/slim http://www.loc.gov/standards/marcxml/schema/MARC21slim.xsd"
    xmlns="http://www.loc.gov/MARC21/slim">

  <leader>00335nam a22001337a 4500</leader>
  <controlfield tag="003">OSt</controlfield>
  <controlfield tag="005">20241007164557.0</controlfield>
  <controlfield tag="008">241007b        |||||||| |||| 00| 0 eng d</controlfield>
  <datafield tag="020" ind1=" " ind2=" ">
    <subfield code="a">9788184874884</subfield>
  </datafield>
  <datafield tag="100" ind1=" " ind2=" ">
    <subfield code="a">G. Dileep Kumar and Manoj Kumar Singh</subfield>
  </datafield>
  <datafield tag="245" ind1=" " ind2=" ">
    <subfield code="a">Data Structures Through C++</subfield>
  </datafield>
  <datafield tag="942" ind1=" " ind2=" ">
    <subfield code="2">ddc</subfield>
    <subfield code="c">D</subfield>
  </datafield>
  <datafield tag="950" ind1=" " ind2=" ">
    <subfield code="a">005.133 </subfield>
    <subfield code="b">K96D</subfield>
  </datafield>
  <datafield tag="999" ind1=" " ind2=" ">
    <subfield code="c">27770</subfield>
    <subfield code="d">27770</subfield>
  </datafield>
  <datafield tag="952" ind1=" " ind2=" ">
    <subfield code="0">0</subfield>
    <subfield code="1">0</subfield>
    <subfield code="2">ddc</subfield>
    <subfield code="4">0</subfield>
    <subfield code="7">0</subfield>
    <subfield code="8">TXB</subfield>
    <subfield code="a">CURAJ</subfield>
    <subfield code="b">CURAJ</subfield>
    <subfield code="d">2024-10-07</subfield>
    <subfield code="l">3</subfield>
    <subfield code="o">005.133 K96D</subfield>
    <subfield code="p">39868</subfield>
    <subfield code="r">2024-12-10</subfield>
    <subfield code="s">2024-12-05</subfield>
    <subfield code="w">2024-10-07</subfield>
    <subfield code="y">D</subfield>
  </datafield>
  <datafield tag="952" ind1=" " ind2=" ">
    <subfield code="0">0</subfield>
    <subfield code="1">0</subfield>
    <subfield code="2">ddc</subfield>
    <subfield code="4">0</subfield>
    <subfield code="7">0</subfield>
    <subfield code="8">TXB</subfield>
    <subfield code="a">CURAJ</subfield>
    <subfield code="b">CURAJ</subfield>
    <subfield code="d">2024-10-07</subfield>
    <subfield code="l">7</subfield>
    <subfield code="o">005.133 K96D</subfield>
    <subfield code="p">39869</subfield>
    <subfield code="r">2025-06-02</subfield>
    <subfield code="s">2025-06-02</subfield>
    <subfield code="w">2024-10-07</subfield>
    <subfield code="y">D</subfield>
  </datafield>
  <datafield tag="952" ind1=" " ind2=" ">
    <subfield code="0">0</subfield>
    <subfield code="1">0</subfield>
    <subfield code="2">ddc</subfield>
    <subfield code="4">0</subfield>
    <subfield code="7">0</subfield>
    <subfield code="8">TXB</subfield>
    <subfield code="a">CURAJ</subfield>
    <subfield code="b">CURAJ</subfield>
    <subfield code="d">2024-10-07</subfield>
    <subfield code="l">7</subfield>
    <subfield code="o">005.133 K96D</subfield>
    <subfield code="p">39870</subfield>
    <subfield code="r">2025-05-20</subfield>
    <subfield code="s">2025-04-17</subfield>
    <subfield code="w">2024-10-07</subfield>
    <subfield code="y">D</subfield>
  </datafield>
  <datafield tag="952" ind1=" " ind2=" ">
    <subfield code="0">0</subfield>
    <subfield code="1">0</subfield>
    <subfield code="2">ddc</subfield>
    <subfield code="4">0</subfield>
    <subfield code="7">0</subfield>
    <subfield code="8">TXB</subfield>
    <subfield code="a">CURAJ</subfield>
    <subfield code="b">CURAJ</subfield>
    <subfield code="d">2024-10-07</subfield>
    <subfield code="l">4</subfield>
    <subfield code="o">005.133 K96D</subfield>
    <subfield code="p">39871</subfield>
    <subfield code="r">2025-03-17</subfield>
    <subfield code="s">2025-03-06</subfield>
    <subfield code="w">2024-10-07</subfield>
    <subfield code="y">D</subfield>
  </datafield>
  <datafield tag="952" ind1=" " ind2=" ">
    <subfield code="0">0</subfield>
    <subfield code="1">0</subfield>
    <subfield code="2">ddc</subfield>
    <subfield code="4">0</subfield>
    <subfield code="7">1</subfield>
    <subfield code="8">RTB</subfield>
    <subfield code="a">CURAJ</subfield>
    <subfield code="b">CURAJ</subfield>
    <subfield code="d">2024-10-07</subfield>
    <subfield code="l">0</subfield>
    <subfield code="o">005.133 K96D</subfield>
    <subfield code="p">39872</subfield>
    <subfield code="r">2024-10-07</subfield>
    <subfield code="w">2024-10-07</subfield>
    <subfield code="y">D</subfield>
  </datafield>
</record>
